Somatic embryogenesis for Hevea: The technique of anther culture (Record no. 68905)

MARC details
000 -LEADER
fixed length control field 01142nam a2200217Ia 4500
100 ## - MAIN ENTRY--AUTHOR NAME
Personal name Seneviratne P
245 #0 - TITLE STATEMENT
Title Somatic embryogenesis for Hevea: The technique of anther culture
260 ## - PUBLICATION, DISTRIBUTION, ETC. (IMPRINT)
Name of publisher Journal of the Rubber Research Institute of Sri Lanka
Year of publication 1996
300 ## - PHYSICAL DESCRIPTION
Number of Pages 79-88
520 ## - SUMMARY, ETC.
Summary, etc Production of pollen plants via somatic embryogenesis might be cultivar dependent as successful production of pollen plants is reported only by Chinese Scientists. None of the locally available clones of Hevea produced even somatic embryos. The slow progress made on adoptation of this technique suggests difficulties in reproducing, may be due to various critical factors involved in the process. The rate of callus formation was influenced by the amount of auxins and cytokinins in the medium and the presence of both types was important for initiation of callus
650 ## - SUBJECT ADDED ENTRY--TOPICAL TERM
Topical Term Anther
650 ## - SUBJECT ADDED ENTRY--TOPICAL TERM
Topical Term Hevea
650 ## - SUBJECT ADDED ENTRY--TOPICAL TERM
Topical Term Rubber
650 ## - SUBJECT ADDED ENTRY--TOPICAL TERM
Topical Term Somatic embryogenesis
700 ## - ADDED ENTRY--PERSONAL NAME
Personal name de Zoysa G M
700 ## - ADDED ENTRY--PERSONAL NAME
Personal name Nugawela A
700 ## - ADDED ENTRY--PERSONAL NAME
Personal name Wijesekera G A S
700 ## - ADDED ENTRY--PERSONAL NAME
Personal name Withanage S P
942 ## - ADDED ENTRY ELEMENTS (KOHA)
Koha item type Journals
Holdings
Withdrawn status Lost status Damaged status Not for loan Home library Current library Shelving location Date acquired Serial Enumeration / chronology Koha item type
      Journals RRII Library RRII Library Biotechnology 17/12/2021 Volume 78, Issue Journals